000 00498nam a2200205Ia 4500
003 OSt
005 20140311163113.0
008 140130s9999 xx 000 0 und d
020 _a043956848X
050 _aPZ 7
_b.St859Go 1993
100 _aStine, R.L
_93762
245 _aThe werewolf of fever swamp /
_cStine, R.L
260 _bScholastic,
_aNew York :
_c1993.
300 _a123 p. :
_c18 cm.
440 _v1
_931174
521 _aG3
526 _c540
942 _cBK
_2lcc
999 _c40622
_d40622